000 00670nam a2200217 4500
003 OSt
005 20240605072028.0
006 a
008 240605b |||||||| |||| 00| 0 eng d
020 _a971086520
040 _aDWCL-Main lib.
_cOC
082 _2Metric edition
_aFil. 515.63 C728d 2005
100 _aComandante, Felipe L. Jr.
245 _aDifferential calculus made easy! /
250 _aMetric edition
260 _aMandaluyong City, Phils. :
_b National Book Store,
_cc2005.
300 _b410 pages : illustrations ;
_c23 cm.
650 _a1. Differential calculus.
700 _aFelipe L. Jr. Comandante
942 _2ddc
_n0
_cBK - FIL
_eMetric edition
_kFil.
999 _c207
_d207